000 00909nam1a22002651i 4500
001 rc\710169
005 20240724000501.0
035 _a(NLR Aleph) 005972550
090 _a6949707
_c6949707
100 _a20031121g19859999u |0rusy50 ca
101 0 _arus
102 _aRU
105 _ay |||||||||
200 1 _aНемецкий язык
_eУчеб. пособие для первого курса
_eВ 2 ч.
205 _a2-е изд., дораб.
210 _aМ.
_cПросвещение
_d1985-
215 _d21
300 _aВ надзаг.: Гос. центр. курсы заоч. обучения иностр. яз.
300 _aПер.: нем.
700 1 _aВетрова
_bА.Р.
_gАлександра Романовна
701 1 _aРусанова
_bЛ.Я.
_gЛидия Яковлевна
801 0 _aRU
_bNLR
_gpsbo
801 1 _aRU
_bELAR
_2rusmarc
852 _aNLR
_j85-5/4695
942 _cBOOK